| 000 | 01385nam a22002897a 4500 | ||
|---|---|---|---|
| 005 | 20170124103204.0 | ||
| 010 | _aB-101107 | ||
| 020 |
_c550.00 _a8174873368 |
||
| 035 | _aB-101107 | ||
| 037 | _bCen Lib/Ret | ||
| 040 |
_aDPL _bHN |
||
| 082 |
_a030.954 _bकलाऔ |
||
| 245 |
_aकला और साहित्य कोश / _cसंपादक अमरनाथ कपूर, विश्व प्रकाश गुप्त [और] मोहिनी गुप्त |
||
| 246 |
_aKala aur sahitye kosh / _bsampadak Amarnath Kapoor, Vishwa Prakash Gupta [aur] Mohini Gupta |
||
| 260 |
_aनई दिल्ली _bराधा पब्लिकेशन्स _c2004 |
||
| 270 |
_a4378/4बी, अंसारी रोड, दरियागंज _bनई दिल्ली _e110002 |
||
| 300 |
_avii,386पृ. _c21सेमी(सजिल्द) |
||
| 490 |
_aभारतीय ज्ञान गंगा _v6 |
||
| 650 |
_aहिंदी साहित्य _993066 |
||
| 650 |
_aकला--कोश _93457 |
||
| 650 |
_aHindi literature _993067 |
||
| 650 |
_aArt--thesaurus _993068 |
||
| 700 |
_aकपूर, अमरनाथ _993069 |
||
| 700 |
_aगुप्त, विश्व प्रकाश _943924 |
||
| 700 |
_aगुप्त, मोहिनी _993070 |
||
| 942 |
_2ddc _cHN _h030.954 _mकलाऔ |
||
| 999 |
_c120867 _d120867 |
||